[Event "Irkutsk Veda"]
[Site "Irkutsk"]
[Date "2015.08.12"]
[Round "5"]
[White "Burdyko, Alexander"]
[Black "Bychkov, Vladimir"]
[Result "1-0"]
[WhiteElo "2109"]
[BlackElo "2032"]
[PlyCount "95"]
[EventDate "2015.08.08"]
[EventType "swiss"]
[EventRounds "9"]
[EventCountry "RUS"]
[SourceTitle "EXT 2018"]
[Source "ChessBase"]
[SourceDate "2017.10.13"]
[SourceVersion "1"]
[SourceVersionDate "2017.10.13"]
[SourceQuality "1"]

1. d4 d5 2. c4 c6 3. Nf3 e6 4. Nc3 dxc4 5. Bg5 Nf6 6. e4 b5 7. e5 h6 8. Bh4 g5 9. Nxg5 hxg5 10. Bxg5 Nbd7 11. g3 Qb6 12. exf6 Bb7 13. Bg2 0-0-0 14. 0-0 Bh6 15. Bxh6 Rxh6 16. a4 b4 17. a5 Qa6 18. Na4 c5 19. dxc5 Bxg2 20. Kxg2 Qc6+ 21. f3 Nxf6 22. Qc1 Ng4 23. h3 Rdh8 24. h4 Rg6 25. Kh3 Nf6 26. Qe3 Nd5 27. Qe5 Rd8 28. Rfd1 f6 29. Qe4 Rdg8 30. Rg1 f5 31. Qxc4 Qc7 32. f4 Rg4 33. Nb6+ axb6 34. axb6 Nxf4+ 35. Kh2 Qc6 36. Qa6+ Kd7 37. Qa7+ Ke8 38. Qa8+ Qxa8 39. Rxa8+ Kd7 40. Rxg8 Rxg8 41. gxf4 Rb8 42. Rg7+ Kc6 43. Rc7+ Kd5 44. b7 Ke4 45. c6 Rd8 46. Rd7 Rg8 47. c7 Kf3 48. c8Q 1-0

[Event "Irkutsk-ch"]
[Site "Irkutsk"]
[Date "2009.12.27"]
[Round "11"]
[White "Khantuev, Alexander"]
[Black "Burdyko, Alexander"]
[Result "1-0"]
[WhiteElo "2356"]
[BlackElo "2133"]
[PlyCount "149"]
[EventDate "2009.12.17"]
[EventType "tourn"]
[EventRounds "11"]
[EventCountry "RUS"]
[SourceTitle "EXT 2022"]
[Source "ChessBase"]
[SourceDate "2021.10.06"]
[SourceVersion "1"]
[SourceVersionDate "2021.10.06"]
[SourceQuality "1"]

1. d4 Nf6 2. c4 e6 3. Nf3 d5 4. Nc3 c6 5. Bg5 Nbd7 6. e3 Qa5 7. Nd2 Bb4 8. Qc2 0-0 9. Bf4 Ne4 10. Ndxe4 dxe4 11. Rc1 Qxa2 12. Be2 f5 13. 0-0 Qa5 14. c5 Bxc3 15. Qxc3 Qd8 16. Bd6 Rf7 17. Bh5 Rf6 18. Bf4 g6 19. Be2 Rf7 20. f3 g5 21. Bc4 gxf4 22. Bxe6 Nf6 23. Bxf7+ Kxf7 24. fxe4 Nxe4 25. Qc2 Be6 26. Rxf4 Qd5 27. Rcf1 Ke7 28. Rh4 Nf6 29. Qf2 Rf8 30. Qf4 h5 31. Rf3 Rg8 32. Qc7+ Bd7 33. Rhf4 Ne8 34. Qxb7 Kf6 35. Qb4 Ke6 36. Rxf5 Qxf5 37. Rxf5 Kxf5 38. Qb3 Nf6 39. e4+ Kg6 40. Qg3+ Kh7 41. Qd3 Rg6 42. b4 Be6 43. b5 cxb5 44. d5 Bc8 45. e5 Nd7 46. Qe3 b4 47. e6 Nf6 48. Qe5 Nxd5 49. Qxh5+ Kg7 50. Qxd5 Bxe6 51. Qd4+ Kf7 52. Qxb4 Bd5 53. g3 a6 54. Qd4 Bc6 55. Qc4+ Kf6 56. Qxa6 Ke5 57. Qd3 Be4 58. Qd2 Rc6 59. Kf2 Rxc5 60. Ke3 Bd5 61. Qd4+ Kd6 62. g4 Rc4 63. Qf6+ Be6 64. g5 Ra4 65. g6 Ra3+ 66. Kf4 Ra4+ 67. Kg5 Rg4+ 68. Kh6 Rg2 69. h4 Ra2 70. g7 Rg2 71. Kh7 Kd7 72. h5 Bd5 73. h6 Be4+ 74. Kh8 Bd5 75. h7 1-0

[Event "Irkutsk Ermolaev Memorial 3rd"]
[Site "Irkutsk"]
[Date "2009.07.09"]
[Round "6"]
[White "Shelk, Alexander"]
[Black "Burdyko, Alexander"]
[Result "1-0"]
[WhiteElo "2378"]
[BlackElo "2125"]
[PlyCount "99"]
[EventDate "2009.07.04"]
[EventType "swiss"]
[EventRounds "9"]
[EventCountry "RUS"]
[SourceTitle "EXT 2012"]
[Source "ChessBase"]
[SourceDate "2011.11.24"]
[SourceVersion "1"]
[SourceVersionDate "2011.11.24"]
[SourceQuality "1"]

1. d4 d5 2. c4 c6 3. Nc3 Nf6 4. Nf3 e6 5. e3 Nbd7 6. Bd3 dxc4 7. Bxc4 b5 8. Bd3 a6 9. a4 b4 10. Ne4 Bb7 11. Ned2 c5 12. Qe2 a5 13. 0-0 Be7 14. Rd1 0-0 15. Nc4 cxd4 16. exd4 Nb6 17. Nce5 Nbd5 18. Bd2 h6 19. g4 Qd6 20. Rdc1 Nb6 21. h4 Qd5 22. Rc7 Nxg4 23. Rxb7 Nxe5 24. Be4 Qc4 25. Qxc4 Nxf3+ 26. Bxf3 Nxc4 27. Rxe7 Nxd2 28. Bxa8 Rxa8 29. Rd1 Nc4 30. b3 Nb6 31. Rc7 Nd5 32. Rc5 g6 33. Re1 Kg7 34. Re5 Ra6 35. h5 g5 36. Kf1 f6 37. Rxe6 Rxe6 38. Rxd5 Rc6 39. Rxa5 Rc3 40. Ra7+ Kf8 41. a5 Rxb3 42. a6 Ra3 43. Ke2 Ke8 44. d5 b3 45. Kd2 b2 46. Kc2 Rb3 47. Ra8+ Kd7 48. Kb1 Kc7 49. a7 Ra3 50. d6+ 1-0

[Event "Irkutsk Ermolaev Memorial 3rd"]
[Site "Irkutsk"]
[Date "2009.07.08"]
[Round "5"]
[White "Burdyko, Alexander"]
[Black "Obolenskikh, Dmitry Aleksandrovi"]
[Result "1/2-1/2"]
[WhiteElo "2125"]
[BlackElo "2419"]
[PlyCount "51"]
[EventDate "2009.07.04"]
[EventType "swiss"]
[EventRounds "9"]
[EventCountry "RUS"]
[SourceTitle "EXT 2012"]
[Source "ChessBase"]
[SourceDate "2011.11.24"]
[SourceVersion "1"]
[SourceVersionDate "2011.11.24"]
[SourceQuality "1"]

1. d4 e6 2. c4 f5 3. g3 Nf6 4. Bg2 c6 5. Nf3 d5 6. b3 Bd6 7. 0-0 Qe7 8. Bb2 b6 9. Nbd2 Bb7 10. Ne5 0-0 11. Nd3 Nbd7 12. Nf3 Rac8 13. cxd5 Nxd5 14. Nfe5 Nxe5 15. dxe5 Bb8 16. e4 fxe4 17. Bxe4 c5 18. Rc1 Ne3 19. Bxh7+ Kxh7 20. Qh5+ Kg8 21. fxe3 Qd7 22. Qg6 Qd5 23. e4 Qxd3 24. Qxe6+ Kh8 25. Qh3+ Kg8 26. Qe6+ 1/2-1/2

[Event "Sibiria Region-ch"]
[Site "Irkutsk"]
[Date "2009.05.11"]
[Round "2"]
[White "Goryachkin, Alexander"]
[Black "Burdyko, Alexander"]
[Result "1-0"]
[WhiteElo "1967"]
[BlackElo "2105"]
[PlyCount "93"]
[EventDate "2009.05.10"]
[EventType "swiss"]
[EventRounds "9"]
[EventCountry "RUS"]
[SourceTitle "CBM 130 Extra"]
[Source "ChessBase"]
[SourceDate "2009.07.02"]
[SourceVersion "2"]
[SourceVersionDate "2009.07.15"]
[SourceQuality "1"]

1. e4 e6 2. d4 d5 3. Nc3 Bb4 4. e5 b6 5. a3 Bxc3+ 6. bxc3 Qd7 7. a4 Ba6 8. Bd3 Ne7 9. Nh3 Bxd3 10. Qxd3 Nbc6 11. Ba3 Na5 12. 0-0 Nc4 13. Bc1 h6 14. Nf4 g6 15. Ne2 0-0-0 16. a5 bxa5 17. Ba3 Kb8 18. Nc1 Nc8 19. Nb3 N8b6 20. Nc5 Qc6 21. Rfb1 Ka8 22. Bc1 Rb8 23. Qf3 Rbf8 24. Nb3 a4 25. Nc5 a5 26. Ra2 g5 27. Rba1 Rh7 28. Qf6 Rb8 29. Nxa4 Nxa4 30. Rxa4 Qd7 31. Qf3 Qb5 32. R4a2 Rb7 33. h3 Kb8 34. Qf6 Qd7 35. Ba3 Kc8 36. Bf8 Qd8 37. Be7 Qe8 38. Bc5 Kd7 39. Ra4 Qb8 40. Qe7+ Kc6 41. Rxa5 Rb1+ 42. Kh2 Nxa5 43. Rxa5 Rh8 44. Bb4 Re8 45. Rc5+ Kb6 46. Qd7 Rxb4 47. Qc6+ 1-0

[Event "Irkutsk-ch final op"]
[Site "Irkutsk"]
[Date "2008.10.08"]
[Round "5"]
[White "Goriachkin, Viktor"]
[Black "Burdyko, Alexander"]
[Result "1/2-1/2"]
[WhiteElo "2098"]
[BlackElo "2093"]
[PlyCount "167"]
[EventDate "2008.09.30"]
[EventType "swiss"]
[EventRounds "9"]
[EventCountry "RUS"]
[SourceTitle "EXT 2022"]
[Source "ChessBase"]
[SourceDate "2021.10.06"]
[SourceVersion "1"]
[SourceVersionDate "2021.10.06"]
[SourceQuality "1"]

1. e4 e6 2. d4 d5 3. e5 c5 4. c3 Nc6 5. Nf3 Qb6 6. Be2 cxd4 7. cxd4 Nh6 8. b3 Nf5 9. Bb2 Be7 10. 0-0 0-0 11. a3 Bd7 12. Qd3 Rac8 13. Nbd2 a6 14. g4 Nh6 15. h3 f5 16. exf6 gxf6 17. b4 f5 18. Ne5 Nxe5 19. Qe3 Nhf7 20. gxf5 exf5 21. dxe5 Qxe3 22. fxe3 Rc2 23. Bc1 Nxe5 24. Bd1 Rc6 25. Nb3 Rg6+ 26. Kh1 Bb5 27. Rg1 Nd3 28. Rxg6+ hxg6 29. Bf3 Nf2+ 30. Kg2 Ne4 31. Bb2 Rc8 32. Nd4 Bd7 33. Rc1 Bg5 34. Rxc8+ Bxc8 35. Bc1 Bd7 36. Nb3 Kf8 37. Nd4 Ke7 38. Be2 Kd6 39. Bd3 Ba4 40. b5 Nc5 41. bxa6 Nxa6 42. Bd2 Nc5 43. Be2 Ne4 44. Bb4+ Kd7 45. Kf3 Bd8 46. Nb5 Ke6 47. Nd4+ Kf6 48. h4 Ke5 49. Kg2 Bb6 50. Bf8 Bxd4 51. Bg7+ Nf6 52. exd4+ Ke6 53. Bf8 Ne4 54. Bb4 Nd6 55. Kf3 b6 56. Kf4 Bb5 57. Bf3 Ne4 58. Bd1 Bc4 59. Bf3 Kf6 60. Bd1 Nf2 61. Bc2 Bd3 62. Bb3 Be4 63. Bd6 Nd3+ 64. Kg3 b5 65. Bc2 Ne1 66. Bd1 g5 67. hxg5+ Kxg5 68. Be7+ Kg6 69. a4 bxa4 70. Bxa4 Kf7 71. Bd6 Ke6 72. Bb8 Nf3 73. Ba7 Kf6 74. Bb6 Ne1 75. Be8 Ke7 76. Bh5 Kd6 77. Be2 Kc6 78. Bc5 Bd3 79. Bh5 Kb5 80. Bd1 Kc4 81. Kf2 Nc2 82. Bxc2 Bxc2 83. Ke3 Ba4 84. Bd6 1/2-1/2